Costo horario de maquinaria de construcción
Guardado en:
| Hovedforfatter: | |
|---|---|
| Format: | Bog |
| Udgivet: |
[San José , Costa Rica]
1985
|
| Fag: | |
| Tags: |
Tilføj Tag
Ingen Tags, Vær først til at tagge denne postø!
|
MARC
| LEADER | 00000nam a2200000Ia 4500 | ||
|---|---|---|---|
| 003 | 002903 | ||
| 005 | 20221231144400.0 | ||
| 008 | 140114s1985 cr a m 000 ||s d | ||
| 040 | |c cru CEDI | ||
| 090 | |a TFG 1710 | ||
| 100 | |a Moya Murillo, Rolando |9 14455 | ||
| 245 | |a Costo horario de maquinaria de construcción | ||
| 260 | |c 1985 |a [San José , Costa Rica] | ||
| 300 | |a ii, 121 hojas : ilustraciones ; 28 cm | ||
| 500 | |a Proyecto de graduación (licenciatura en ingeniería civil)-- Universidad de Costa Rica. Facultad de Ingeniería. Escuela de Ingeniería Civil | ||
| 650 | |x MAQUINAS DE CONSTRUCCION - COSTOS |9 8899 | ||
| 942 | |c TFG | ||
| 999 | |c 21059 |d 21059 | ||
